[Event "Santa Fe Litoral op"]
[Site "Santa Fe"]
[Date "2018.10.27"]
[Round "4.9"]
[White "Vallejos, Lucas"]
[Black "Gomez, Carlos David"]
[Result "0-1"]
[WhiteElo "1935"]
[BlackElo "2335"]
[PlyCount "102"]
[EventDate "2018.10.26"]
[EventType "swiss"]
[EventRounds "6"]
[EventCountry "ARG"]
[SourceTitle "EXT 2024"]
[Source "ChessBase"]
[SourceDate "2023.10.10"]
[SourceVersion "1"]
[SourceVersionDate "2023.10.10"]
[SourceQuality "1"]

1. d4 Nf6 2. c4 g6 3. g3 Bg7 4. Bg2 0-0 5. Nc3 d6 6. Nf3 Nbd7 7. 0-0 e5 8. h3 exd4 9. Nxd4 Nc5 10. e4 Re8 11. Re1 Bd7 12. b3 a5 13. Rb1 Qc8 14. Kh2 Re5 15. h4 h6 16. Kg1 Bh3 17. Bh1 a4 18. b4 Ne6 19. Nxe6 Bxe6 20. Nd5 Bxd5 21. cxd5 Qd7 22. Bb2 Re7 23. Bg2 Rae8 24. f3 Nh5 25. Bxg7 Kxg7 26. Qd4+ Kh7 27. g4 Nf4 28. Qd2 g5 29. Kf2 Re5 30. hxg5 hxg5 31. Rh1+ Kg8 32. Rh6 Qe7 33. Rbh1 Ng6 34. R6h5 Qf6 35. Kg3 c6 36. dxc6 bxc6 37. Bf1 d5 38. Bd3 Qd6 39. Kf2 dxe4 40. fxe4 Rd8 41. R1h3 Qf6+ 42. Rf3 Nf4 43. Kg1 Qe6 44. Rxg5+ Rxg5 45. Qxf4 Rxg4+ 46. Rg3 Rxg3+ 47. Qxg3+ Qg6 48. Qxg6+ fxg6 49. Bc2 a3 50. Bb3+ Kg7 51. Kf2 Rd4 0-1

[Event "Cordoba Jesus Maria op"]
[Site "Cordoba"]
[Date "2018.05.06"]
[Round "5"]
[White "Tornquist, Carlos"]
[Black "Vallejos, Lucas"]
[Result "1-0"]
[WhiteElo "1853"]
[BlackElo "1946"]
[PlyCount "87"]
[EventDate "2018.05.05"]
[EventType "swiss"]
[EventRounds "6"]
[EventCountry "ARG"]
[SourceTitle "CBM 184 Extra"]
[Source "ChessBase"]
[SourceDate "2018.06.28"]
[SourceVersion "1"]
[SourceVersionDate "2018.06.28"]
[SourceQuality "1"]

1. e4 e6 2. d4 d5 3. e5 c5 4. Nf3 Nc6 5. a3 Qb6 6. Bd3 Bd7 7. 0-0 Nge7 8. dxc5 Qxc5 9. b4 Qb6 10. Bf4 Ng6 11. Bg3 a5 12. b5 Nd4 13. Nxd4 Qxd4 14. c3 Qb6 15. a4 Rc8 16. h4 Ne7 17. h5 h6 18. Bf4 Qc7 19. Qf3 g5 20. hxg6 Nxg6 21. Bxg6 fxg6 22. Qg4 Kf7 23. Be3 Be7 24. f4 h5 25. Qh3 Bc5 26. Rf3 b6 27. Nd2 Be7 28. Bd4 Rcg8 29. Raf1 Bc5 30. Nb3 h4 31. Qg4 Rh5 32. Rh3 Rgh8 33. Nxc5 bxc5 34. Bf2 Bc8 35. Bxh4 d4 36. Rff3 Bb7 37. Rfg3 Be4 38. Bf6 Rxh3 39. Rxh3 Rxh3 40. Qxh3 Qb7 41. cxd4 cxd4 42. Qh7+ Ke8 43. Qg8+ Kd7 44. Qd8# 1-0

[Event "Cordoba Jesus Maria op"]
[Site "Cordoba"]
[Date "2018.05.05"]
[Round "3"]
[White "Kiessling, Christopher"]
[Black "Vallejos, Lucas"]
[Result "1/2-1/2"]
[WhiteElo "1814"]
[BlackElo "1946"]
[PlyCount "22"]
[EventDate "2018.05.05"]
[EventType "swiss"]
[EventRounds "6"]
[EventCountry "ARG"]
[SourceTitle "CBM 184 Extra"]
[Source "ChessBase"]
[SourceDate "2018.06.28"]
[SourceVersion "1"]
[SourceVersionDate "2018.06.28"]
[SourceQuality "1"]

1. d4 Nf6 2. Bg5 Ne4 3. Bf4 d6 4. f3 Nf6 5. e4 g6 6. Nc3 Bg7 7. Qd2 h5 8. 0-0-0 c6 9. e5 dxe5 10. dxe5 Qxd2+ 11. Rxd2 Nh7 1/2-1/2